000 01281cam a2200277 4500
001 ABS65403
008 020416n2002 000 0 eng u
035 _a(Sirsi) u117518
100 _aLloyd Holt, S
245 _aHalf-decent proposals
260 _c2002
490 _aEstates Gazette
_v(0213) 30 March 2002, 94-95(2)
520 _aThe DTLR's proposals to reform the Landlord and Tenant Act 1954 have been welcomed, although some respondents have expressed concern over security of tenure and other general issues. Article considers the following key issues giving the DTLR's original proposals, revised proposals and author's comment: contracting out; terms of renewal; ownership and control of a business; termination and time limits; notices for requesting information; renewal procedures; and interim rent. The DTLR plans to use the Regulatory Reform Act 2001 to reform the 1954 Act and reforms could be in force by the spring of 2003.
590 _aABS
650 _aLANDLORD AND TENANT ACT 1954
650 _aTIME LIMITS
650 _aTERMINATION
650 _aCONTRACTING OUT
650 _aRENEWAL
650 _aLEASES
650 _aINTERIM RENT
650 _aREFORM
690 _aPROPERTY-LANDLORD AND TENANT
700 _aColby, A
942 _n0
999 _c69990
_d69990